000 00529nam a2200193 a 4500
001 1341
003 CDMR
005 20131105163103.0
008 130130s2003||||||||||||||||||||||||||||d
020 _a8497415299
040 _aCDMR
_bcat
_cCDMR
100 1 _aGallego y Rey
_91039
245 1 0 _aGallego & Rey
_b: los mejores dibujos publicados en El Mundo 2003
260 _aBarcelona
_c2003
_bEl Jueves Ediciones
300 _a111 p.
_bil. b/n
490 0 _aHumor del Día
_v2
650 0 4 _93084
_aHumorisme gràfic
942 _cMON
_2udc
999 _c1341
_d1341